| 000 | 00419nam a22001697a 4500 | ||
|---|---|---|---|
| 003 | CEME | ||
| 005 | 20210628202832.0 | ||
| 008 | 210203b xxu||||| |||| 00| 0 eng d | ||
| 020 | _a1-85409-155-7 | ||
| 040 | _c. | ||
| 082 | _a355.02 ESH | ||
| 100 |
_aEshel, David _946708 |
||
| 245 | _aDaring to win special forces at war | ||
| 260 |
_aNEW YORK _bARMY EDUCATIONAL PRESS _c2003 |
||
| 300 | _a214P | ||
| 942 |
_cBK _2ddc |
||
| 999 |
_c571170 _d571170 |
||